Fußball WM-Finale - Spielorte - Statistiken

Allgemein
  • Dieses Quiz wurde 1.131 mal gespielt
  • Das Durchschnittsergebnis liegt bei 15 aus 22
Antwortstatistiken
Hint Antwort % Korrekt
2006 Berlin
95%
1950 Rio de Janeiro
94%
2014 Rio de Janeiro
94%
2018 Moskau
92%
1938 Colombes/Paris
88%
1998 Saint-Denis/Paris
88%
1934 Rom
85%
1990 Rom
85%
1966 London
79%
1982 Madrid
77%
1954 Bern
73%
1974 München
72%
1978 Buenos Aires
67%
2010 Johannesburg
66%
1970 Mexiko-Stadt
63%
1986 Mexiko-Stadt
63%
1930 Montevideo
62%
1958 Solna/Stockholm
57%
1994 Pasadena/Los Angeles
47%
1962 Santiago de Chile
37%
2002 Yokohama
31%
2022 Lusail
15%
Keine übereinstimmenden Quizze gefunden
Verteilung der Resultate
Anzahl Personen mit jedem Resultat
Perzentil nach korrekt beantworteten Fragen
Ihre Resultats-Entwicklung
Sie haben dieses Quiz noch nicht gespielt